| 000 | 00397nam a22001337a 4500 | ||
|---|---|---|---|
| 082 |
_a297.1227 _bMUH _cL-31, P-2 |
||
| 100 |
_aMufti Muhammad Shafi _947065 |
||
| 245 |
_aمعارف القران _cMufti Muhammad Shafi |
||
| 250 | _aجلد چہارم | ||
| 260 |
_aKarachi, Pakistan _bIdara tul Maaref, Karachi |
||
| 300 | _a680 P, : | ||
| 526 |
_a0 _b0 _c0 _d297_122700000000000_MUH |
||
| 942 |
_2ddc _cBK |
||
| 999 |
_c550363 _d550363 |
||